| 000 | 01628nam0a22002891 4500 | ||
|---|---|---|---|
| 001 | rc\4089774 | ||
| 005 | 20130415160553.0 | ||
| 035 | _a(NLR Aleph) 008131504 | ||
| 090 |
_a9426823 _c9426823 |
||
| 100 | _a20130415d1950 |||y0rusy50 ca | ||
| 101 | 0 | _arus | |
| 102 | _aRU | ||
| 105 | _aa z ||||| | ||
| 200 | 1 |
_aПрименение кислорода в чугунолитейном производстве _eМатериалы междуведомств. совещания _f[Ред. лауреат Сталинской премии В.В. Кондаков _gГос. ком. Совета министров СССР по внедрению передовой техники в нар. хозяйство |
|
| 210 |
_aМосква] _cСтандартгиз _d1950 _gтип. "Моск. печатник" |
||
| 215 |
_a108 с., 3 л. ил. _cчерт. _d21 |
||
| 320 | _aБиблиогр. в конце докладов | ||
| 606 |
_aВагранки _xДутье кислородное _2psbo |
||
| 606 |
_aЧугун _xПлавка в вагранке _2psbo |
||
| 702 | 1 |
_aКондаков _bВ. В. _gВадим Всеволодович _4340 |
|
| 712 | 0 | 1 |
_aСССР _bКомитет по внедрению передовой техники в народное хозяйство _3RU\NLR\AUTH\8810188148 |
| 712 | 1 | 2 |
_aСовещание по вопросам использования кислорода в чугунолитейном производстве _f1950 _eМосква _3RU\NLR\AUTH\8810093855 |
| 801 | 0 |
_aRU _bNLR _gpsbo |
|
| 801 | 1 |
_aRU _bELAR _2rusmarc |
|
| 852 |
_aNLR _jТ36 Г-3/202 |
||
| 942 | _cBOOK | ||
| 980 | _aNB | ||